Т. 42, № 2 : 1923 год; Известия Геологического комитета

Detaylı Bibliyografya
Parent link:Известия Геологического комитета/ Российская империя, Геологический комитет (ГЕОЛКОМ) ; СССР, Геологический комитет (Геолком). Т. 42, № 2 : 1923 год.— , 1883-1930
Dil:Rusça
Baskı/Yayın Bilgisi: Ленинград, Типография им. Гуттенберга, 1924
Konular:
Materyal Türü: MixedMaterials Kitap
KOHA link:https://koha.lib.tpu.ru/cgi-bin/koha/opac-detail.pl?biblionumber=328730

MARC

LEADER 00000nam2a2200000 4500
001 328730
005 20231102004106.0
035 |a (RuTPU)RU\TPU\book\354430 
035 |a RU\TPU\book\354428 
090 |a 328730 
100 |a 20170221d1924 k y0rusy50 ca 
101 0 |a rus 
102 |a RU 
105 |a a z 000zy 
200 0 |a Т. 42, № 2 : 1923 год 
210 |a Ленинград  |c Типография им. Гуттенберга  |d 1924 
215 |a 51-107 с.  |c ил. 
461 1 |0 (RuTPU)RU\TPU\book\253549  |t Известия Геологического комитета  |f Российская империя, Геологический комитет (ГЕОЛКОМ) ; СССР, Геологический комитет (Геолком)  |v Т. 42, № 2 : 1923 год  |d 1883-1930 
606 1 |a Геология  |2 stltpush  |3 (RuTPU)RU\TPU\subj\6095  |9 34054 
610 1 |a библиотека М. А. Усова 
610 1 |a Урал 
610 1 |a тектоника 
610 1 |a кальций 
610 1 |a натрий 
610 1 |a метасиликаты 
610 1 |a твердые растворы 
610 1 |a СССР 
610 1 |a петрография 
675 |a 55  |v 4 
801 1 |a RU  |b 63413507  |c 20170220 
801 2 |a RU  |b 63413507  |c 20170314  |g RCR 
942 |c BK